| 000 | 00607nam a22002297a 4500 | ||
|---|---|---|---|
| 001 | 76974 | ||
| 003 | BD-RjUL | ||
| 005 | 20211209082918.0 | ||
| 008 | 200211r20082007ii ||||| b||| 001 0 eng d | ||
| 020 | _a9788122420685 | ||
| 035 | _a(BD-RjUL)77198 | ||
| 040 |
_aBD-RjUL _beng _cBD-RjUL |
||
| 041 | _aeng | ||
| 082 |
_223 _a547 _bCHO 1994 |
||
| 100 |
_aChhatwal, G. R. _967497 |
||
| 245 |
_aObjective chemistry / _cG R Chhatwal |
||
| 250 | _a1st ed. | ||
| 260 |
_aNew Delhi : _bAnmol Publications, _c1994 |
||
| 300 |
_a235 p. : _bill. ; _c22 cm. |
||
| 650 |
_aProject management _9239170 |
||
| 942 |
_2ddc _cBK |
||
| 999 |
_c76974 _d76974 |
||